000 00980 a2200253 4500
003 Nust
005 20170207153202.0
010 _a 2006048552
020 _a8131707377
020 _a9780131424920
035 _a(OCoLC)70158580
035 _a(OCoLC)ocm70158580
040 _cNust
082 0 0 _a621.382
100 1 _aCouch, Leon W.
245 1 0 _aDigital and analog communication systems /
_cLeon W. Couch II.
250 _a7th ed.
260 _aUpper Saddle River, N.J. :
_bPearson/Prentice Hall,
_cc2007.
300 _axxvii, 751 p. :
_bill. ;
_c25 cm.
500 _aIntroduction (Page-29) Signal and Spectra (Page-61) Baseband Pulse and Digital Signaling (Page-156)Band Pass Signaling Principles and Circuits (Page-258)AM,FM and Digital Modulated Systems (Page-330)
505 _aWire and Wireless Communication Systems (Page-575) Mathematical Techniques, Identities and Tables (Page-667)
538 _aAlmirah No.46 and Shelf No.3
650 0 _aTelecommunication systems.
942 _2ddc
_cBK
999 _c181014
_d181014